[Event "HUN-ch U12"]
[Site "Balatonlelle"]
[Date "2015.06.24"]
[Round "9"]
[White "Bernath, Bence"]
[Black "Fabian, Bence"]
[Result "1/2-1/2"]
[WhiteElo "1196"]
[BlackElo "1427"]
[PlyCount "114"]
[EventDate "2015.06.18"]
[EventType "swiss"]
[EventRounds "9"]
[EventCountry "HUN"]
[SourceTitle "CBM 167 Extra"]
[Source "ChessBase"]
[SourceDate "2015.09.14"]
[SourceVersion "1"]
[SourceVersionDate "2015.09.14"]
[SourceQuality "1"]

1. e4 c6 2. d4 d5 3. e5 Bf5 4. Nf3 e6 5. Be2 Nd7 6. 0-0 c5 7. Be3 cxd4 8. Bxd4 Bc5 9. Bb5 Bxd4 10. Nxd4 Bg6 11. Re1 Ne7 12. Nd2 0-0 13. N2f3 Qc7 14. Rc1 a6 15. Bxd7 Qxd7 16. Nh4 Qc7 17. g3 h6 18. Nxg6 Nxg6 19. f4 b5 20. Re3 Qb6 21. Kg2 Rac8 22. Qd2 Rc7 23. Rc3 Rfc8 24. Rxc7 Qxc7 25. b3 Qc3 26. Qxc3 Rxc3 27. Kf2 Kf8 28. Rd1 Ke7 29. Ke2 Kd7 30. Rd3 Rxd3 31. Kxd3 Kc7 32. c4 bxc4+ 33. bxc4 dxc4+ 34. Kxc4 Kb6 35. h3 Ne7 36. Nb3 Nd5 37. a4 Ne3+ 38. Kb4 Nd5+ 39. Kc4 Ne3+ 40. Kd3 Nf5 41. g4 Ne7 42. Kd4 Nc6+ 43. Kc4 Na5+ 44. Nxa5 Kxa5 45. Kc5 Kxa4 46. Kd6 Kb5 47. f5 a5 48. fxe6 fxe6 49. Kxe6 a4 50. Kf7 a3 51. e6 a2 52. e7 a1Q 53. e8Q+ Kb6 54. Qb8+ Kc6 55. Qe8+ Kb6 56. Qe6+ Kc7 57. Qc4+ Kb6 1/2-1/2

[Event "HUN-ch U12"]
[Site "Balatonlelle"]
[Date "2015.06.20"]
[Round "3"]
[White "Geher, Koppany"]
[Black "Fabian, Bence"]
[Result "1-0"]
[WhiteElo "1615"]
[BlackElo "1427"]
[PlyCount "51"]
[EventDate "2015.06.18"]
[EventType "swiss"]
[EventRounds "9"]
[EventCountry "HUN"]
[SourceTitle "CBM 167 Extra"]
[Source "ChessBase"]
[SourceDate "2015.09.14"]
[SourceVersion "1"]
[SourceVersionDate "2015.09.14"]
[SourceQuality "1"]

1. e4 c6 2. d4 d5 3. exd5 cxd5 4. Bd3 Nc6 5. c3 Nf6 6. Bf4 e6 7. Nf3 Bd6 8. Bxd6 Qxd6 9. 0-0 0-0 10. Re1 Qc7 11. Ne5 Nxe5 12. Rxe5 h6 13. Nd2 Qb6 14. Rb1 Bd7 15. f4 Qc7 16. g4 Bc6 17. Qf3 Nd7 18. Re3 Rfe8 19. g5 hxg5 20. fxg5 e5 21. Qh5 e4 22. Rh3 f6 23. Nxe4 dxe4 24. Bc4+ Bd5 25. Bxd5+ Re6 26. Bxe6+ 1-0

[Event "HUN-ch U12"]
[Site "Balatonlelle"]
[Date "2015.06.19"]
[Round "2"]
[White "Fabian, Bence"]
[Black "Losonczi, Marcell"]
[Result "0-1"]
[WhiteElo "1427"]
[BlackElo "1672"]
[PlyCount "94"]
[EventDate "2015.06.18"]
[EventType "swiss"]
[EventRounds "9"]
[EventCountry "HUN"]
[SourceTitle "CBM 167 Extra"]
[Source "ChessBase"]
[SourceDate "2015.09.14"]
[SourceVersion "1"]
[SourceVersionDate "2015.09.14"]
[SourceQuality "1"]

1. e4 c5 2. Nf3 d6 3. d4 cxd4 4. Nxd4 Nf6 5. Bb5+ Bd7 6. Bxd7+ Nbxd7 7. Nc3 a6 8. Bg5 e6 9. Bxf6 Qxf6 10. 0-0 Be7 11. Nf3 0-0 12. Qd4 Qg6 13. Rfe1 Rfd8 14. Qe3 Rac8 15. Rac1 b5 16. a3 Rc7 17. h3 Rdc8 18. Qe2 Bf6 19. Red1 Bxc3 20. bxc3 Rc6 21. Kf1 e5 22. Nh4 Qe6 23. Qd2 g6 24. Nf3 Nc5 25. Ng5 Qe7 26. Rb1 f6 27. Qd5+ Kg7 28. Nf3 Na4 29. Rb3 Nxc3 30. Rxc3 Rxc3 31. Qxd6 Qxd6 32. Rxd6 R8c6 33. Rd7+ Kg8 34. Ne1 Rxa3 35. Rd8+ Kf7 36. Rd7+ Ke6 37. Rxh7 a5 38. Rh6 a4 39. Rxg6 Ra6 40. h4 Rc3 41. h5 a3 42. h6 Rc8 43. h7 Rh8 44. Nd3 a2 45. Nc5+ Kf7 46. Nxa6 a1Q+ 47. Ke2 Kxg6 0-1

[Event "HUN-ch U12"]
[Site "Balatonlelle"]
[Date "2015.06.18"]
[Round "1"]
[White "Ongut, Tamas Gunes"]
[Black "Fabian, Bence"]
[Result "0-1"]
[WhiteElo "1703"]
[BlackElo "1427"]
[PlyCount "106"]
[EventDate "2015.06.18"]
[EventType "swiss"]
[EventRounds "9"]
[EventCountry "HUN"]
[SourceTitle "CBM 167 Extra"]
[Source "ChessBase"]
[SourceDate "2015.09.14"]
[SourceVersion "1"]
[SourceVersionDate "2015.09.14"]
[SourceQuality "1"]

1. e4 c6 2. d4 d5 3. e5 Bf5 4. Nf3 e6 5. Be2 Nd7 6. c3 Nb6 7. Bf4 Ne7 8. Nbd2 Bg4 9. h3 Bxf3 10. Nxf3 Ng6 11. Bg3 Be7 12. h4 Nf8 13. h5 h6 14. Nd2 Nfd7 15. b4 Bg5 16. f4 Be7 17. Bd3 Qc7 18. a4 a5 19. Qb3 axb4 20. cxb4 0-0 21. 0-0 f6 22. Nf3 fxe5 23. fxe5 Qd8 24. a5 Nc8 25. Bb1 Bg5 26. Qd3 Rf5 27. Nxg5 Rxf1+ 28. Qxf1 Qxg5 29. Bg6 Ne7 30. Bf7+ Kh8 31. Bxe6 Nf8 32. Bf4 Qxh5 33. Bh3 Nfg6 34. Bd2 Rf8 35. Qd3 Nf4 36. Bxf4 Rxf4 37. Rf1 Rxf1+ 38. Qxf1 Qe8 39. Qf4 Ng6 40. Qf5 Ne7 41. Qe6 Qd8 42. Qd6 Qf8 43. e6 Qf6 44. Qb8+ Kh7 45. Qxb7 Qxd4+ 46. Kh2 Qe5+ 47. g3 Qe2+ 48. Bg2 Qh5+ 49. Kg1 Qd1+ 50. Bf1 Qd4+ 51. Kh2 Qf2+ 52. Bg2 Nf5 53. Qc7 Ne3 0-1